00310nam a2200121Ia 4500008004100000041000800041082001900049100001700068245002900085250000900114260004800123700001700171230627s9999 xx 000 0 und d amar a346.066 6bPAH aPahwa H.P.S  aSick Industries And Bifr a6ed. aNew DelhibBharat Law House Pvt. Ltd.c2002 a Puliani M.,